000 01075nam a22003617a 4500
001 0024877
003 KOHA_MİRAKIL
005 20260207002452.0
007 ta
008 101112b2007 tu |||gr||||#||||0|tur |
020 _a9786053950417
_c4,38
040 _aTR-BiSEU
_btur
_cTR-BiSEU
_erda
041 0 _atur
044 _ctu
050 _aLB1140.32
_b.U83 2007
100 1 _aUşaklı, Hakan.
245 1 _aDrama ve iletişim becerileri :
_bteori, araştırma, uygulama/
_cHakan Uşaklı ; Hakan Uşaklı.
264 1 _aAnkara :
_bNobel Yayın Dağıtım
_c2007
300 _a104 sayfa: resimli
336 _ametin
_btxt
_2rdacontent
337 _aaracısız
_bn
_2rdamedia
338 _acilt
_bnc
_2rdacarrier
490 1 _aNobel yayın ;
_vno.
490 1 _a1244.
490 1 _aEğitim bilimleri ;
_v298.
500 _aKaynakça var.
650 0 _aEğitici oyunlar.
_950621
650 0 _aTiyatro, Eğitimde.
_950622
830 1 _aNobel yayın ;
_vno.
_91510
830 1 _a1244.
_949345
830 1 _aEğitim bilimleri ;
_v298.
_950623
942 _2lcc
_cBK
999 _c24827
_d24827